Venezuela Heroica / (Record no. 1625)

000 -CABECERA
fixed length control field 00826nam a22002177a 4500
003 - IDENTIFICADOR DEL NÚMERO DE CONTROL
control field AR-CdUCM
008 - DATOS DE LONGITUD FIJA--INFORMACIÓN GENERAL
fixed length control field 190227b ||||| |||| 00| 0 spa d
040 ## - FUENTE DE LA CATALOGACIÓN
Agencia/entidad que catalogó originalmente la obra MUNICIPALIDAD PROVINCIAL DEL CUSCO
Entidad que transcribió la catalogación BIBLIOTECA MUNICIPAL DEL CUSCO
082 ## - NÚMERO DE LA CLASIFICACIÓN DECIMAL DEWEY
No. de Clasificación 869.708 /
Notacion interna B61
100 ## - ENTRADA PRINCIPAL--NOMBRE DE PERSONA
Nombre Personal Blanco, Eduardo
245 ## - MENCIÓN DE TÍTULO
Título Venezuela Heroica /
Mención de responsabilidad Eduardo Blanco
260 ## - PUBLICACIÓN, DISTRIBUCIÓN, ETC.
Lugar de publicación, distribución, etc. Lima :
Nombre de la editorial, distribuidor, etc. Ediciones del nuevo mundo,
Fecha de publicación, distribución, etc. 1977.
300 ## - DESCRIPCIÓN FÍSICA
Nº de Páginas Extensión 191 paginas ;
Dimensiones 17 cm.
505 ## - NOTA DE CONTENIDO CON FORMATO
Nota de contenido formateada Contenido: t.1 -- la casa fuerte -- San Félix -- Matasiete -- Boyaca -- Carabobo. t.1 -- La victoria -- san Mateo -- Sitio de valencia -- Maturin -- La invación de los seiscientos.
650 ## - PUNTO DE ACCESO ADICIONAL DE MATERIA--TÉRMINO DE MATERIA
Descriptor Historia
9 (RLIN) 136
650 ## - PUNTO DE ACCESO ADICIONAL DE MATERIA--TÉRMINO DE MATERIA
Descriptor Venezuela
9 (RLIN) 2312
650 ## - PUNTO DE ACCESO ADICIONAL DE MATERIA--TÉRMINO DE MATERIA
Descriptor Emancipación
9 (RLIN) 260
700 ## - PUNTO DE ACCESO ADICIONAL--NOMBRE DE PERSONA
Nombre Personal Bonilla Amado, José
9 (RLIN) 6069
942 ## - ELEMENTOS DE PUNTO DE ACCESO ADICIONAL (KOHA)
Fuente de clasificación
Tipo de item Libros-BMC
945 ## - PROCESAMIENTO DE INFORMACIÓN LOCAL (OCLC)
Catalogador acv
AAAA-MM-DD - Fecha de ingreso o modificacion 2019-02-27
Holdings
Estado de retiro (separado) Fuente de clasificación o esquema de estanterías Estado dañado Ubicación Sala donde se ubica Nombre de la colección Fecha de adquisición o compra Costo, precio normal en soles Signatura topográfica Código de Barras Última vez visto (Koha) Tipo de ítem (Koha)
No     Sala Humanidades Sala Humanidades Book Cart 2019-02-27 15.00 869.708 / B61 / t.2 SH0000001868 2019-02-27 Libros-BMC
No     Sala Humanidades Sala Humanidades Book Cart 2019-02-27 15.00 869.708 / B61 / t.1 SH0000001869 2019-02-27 Libros-BMC

Powered by Koha